000 00869cam a2200289 a 4500
001 3534570
003 OSt
005 20230704094217.0
008 960801s1996 nyu b i000 0 eng c
010 _a 96175856
020 _a9211334853
040 _aMoSU-L
_cMoSU-L
_dDLC
042 _apcc
050 0 0 _aKZ1287.I59
_bW67 1996
082 _a340.6
_bUNI
245 0 4 _aThe Work of the International Law Commission.
250 _a5th ed.
260 _aNew York :
_bUnited Nations,
_c1996.
300 _ax, 511 p. ;
_c23 cm.
500 _a"United Nations publication sales no. E.95.V.6"--T.p. verso.
504 _aIncludes bibliographical references (p. 502-511).
610 2 0 _aUnited Nations.
_bInternational Law Commission.
710 2 _aUnited Nations.
906 _a7
_bcbc
_cpccadap
_du
_encip
_f19
_gy-gencatlg
942 _2ddc
_cBK
999 _c3596
_d3596